MARC

LEADER 00000nam a2200000Ia 4500
001 21496
008 160829s1982 xx 000 0 cat d
080 |a D-4-34 
100 |a Baena del Alcázar, Mariano  |9 45272 
245 |a Normas políticas y administrativas de la transición (1975 - 1978) / Mariano Baena del Alcazar, José María García Madaria 
260 |a Madrid :  |b Presidencia del Gobierno. Servicio Central de Publicaciones,  |c 1982 
300 |a 1111 p. ;  |c 25 cm 
650 |a Dret administratiu  |x Legislació  |x Espanya   |9 25686 
650 |a Dret constitucional  |x Espanya  |x Legislació  |9 42480 
700 |a García Madaria, José María  |9 42481 
901 |a Arxiu 
942 |n 1 
952 |0 1  |1 0  |2 udc  |4 0  |5 2  |6 D434  |7 1  |9 50862  |a Arxiu  |b Arxiu  |d 2016-12-01  |l 0  |o D-4-34  |p 21496  |r 2016-12-01 00:00:00  |w 2016-12-01  |y ARXIU 
999 |c 54704  |d 54704